Statistiken für Top 10 Länder mit den meisten deutschsprechenden Personen

Klicken Sie hier um das Quiz zu spielen!

Allgemein

  • Dieses Quiz wurde 481 mal gespielt
  • Das Durchschnittsergebnis liegt bei 7 aus 10

Antwortstatistiken

#Anzahl SprecherLand% Korrekt
175'060'000Deutschland
100%
27'444'000Österreich
100%
34'570'000Schweiz
99%
41'850'000Vereinigte Staaten
90%
6500'000Polen
80%
10310'000Italien
75%
9350'000Russland
69%
7485'000Kanada
66%
5910'000Brasilien
53%
8460'000Kasachstan
16%

Verteilung der Resultate

Perzentil nach korrekt beantworteten Fragen

Anzahl Personen mit jedem Resultat

Ihre Resultats-Entwicklung

Sie haben dieses Quiz noch nicht gespielt